Marseille Provence Airport Destinations (Marseille, France) - Statistics

General Stats
  • This quiz has been taken 172 times
    87 since last reset
  • The average score is 85 of 142
Answer Stats
Airline Destination % Correct
Air France Paris (Charles de Gaulle)
98%
Transavia Paris (Orly)
98%
KLM Amsterdam
92%
Brussels Airlines Brussels
92%
easyJet London (Gatwick)
92%
British Airways London (Heathrow)
92%
Ryanair London (Stansted)
92%
Air Algérie/Vueling Algiers
90%
Air France Lyon
90%
Ryanair Berlin
88%
Lufthansa Frankfurt
88%
Ryanair Lille
88%
Lufthansa Munich
88%
Turkish Airlines Istanbul
86%
Pegasus Airlines Istanbul (Sabiha Gökçen)
86%
Twin Jet Milan (Malpensa)
86%
Ryanair Rome (Fiumicino)
86%
Nouvelair/Transavia/Tunisair Tunis
86%
Ethiopian Airlines Addis Ababa
84%
Royal Air Maroc/Shanghai Airlines/Transavia Casablanca
84%
Ryanair/TAP Air Portugal Lisbon
84%
Iberia/Ryanair Madrid
84%
Royal Air Maroc/Ryanair/Transavia Marrakesh
84%
Ryanair/Transavia Nantes
84%
easyJet/Volotea Bordeaux
82%
Aer Lingus/Ryanair Dublin
82%
Luxair/Ryanair Luxembourg
82%
Ryanair Manchester
82%
Royal Air Maroc/Ryanair Rabat
82%
Austrian Airlines/Ryanair Vienna
82%
Swiss International Air Lines Zürich
82%
Aegean Airlines/Transavia/Volotea Athens
78%
Eurowings Düsseldorf
78%
Ryanair Naples
78%
Air Corsica Ajaccio
76%
Volotea/Vueling Barcelona
76%
Ryanair Palermo
76%
Ryanair Porto
76%
El Al/Transavia Tel Aviv
76%
Ryanair Budapest
75%
Ryanair Valencia
75%
Ryanair Bucharest (Otopeni)
73%
Transavia Dubai (Al Maktoum)
73%
Air Algérie/Volotea Oran
73%
Ryanair/Volotea Palma de Mallorca
73%
Ryanair Prague
73%
Ryanair Seville
73%
Twin Jet/Volotea Strasbourg
73%
Ryanair/Volotea Venice
73%
Air Corsica Bastia
71%
Ryanair Edinburgh
71%
Air Arabia/Ryanair Fès
71%
Ryanair Stockholm (Arlanda)
71%
Ryanair Zagreb
71%
Volotea Copenhagen
69%
Ryanair Ibiza
69%
Ryanair/Vueling Málaga
69%
Transavia Cairo
67%
Ryanair Malta
67%
Transavia/Volotea Rennes
67%
Shanghai Airlines Shanghai (Pudong)
67%
Ryanair Alicante
65%
Ryanair Bari
65%
easyJet Basel/Mulhouse
65%
Ryanair Bologna
65%
Transavia/Volotea Brest
65%
Ryanair Faro
65%
Volotea Florence
65%
Ryanair Kraków
65%
Korean Air Seoul (Incheon)
65%
Ryanair/Volotea Tenerife (South)
65%
Transavia Antalya
63%
easyJet/Ryanair Bristol
63%
Ryanair Catania
63%
Aegean Airlines/Sky Express/Transavia/Volotea Heraklion
63%
SunExpress Izmir
63%
flynas/Transavia Jeddah
63%
Volotea Split
63%
Ryanair Tirana
63%
Nouvelair/Transavia/Tunisair Djerba
61%
Volotea Gran Canaria
61%
Ryanair Tangier
61%
Transavia Dakar (Diass)
59%
Transavia Sal
59%
Ryanair/Volotea Lanzarote
57%
Air Transat Montréal (Trudeau)
57%
Ryanair Amman (Queen Alia)
55%
Volotea Cagliari
55%
Air Algérie/Volotea Constantine
55%
Ryanair Corfu
55%
Ryanair/Volotea Dubrovnik
55%
Ryanair/Volotea Menorca
55%
Ryanair Rhodes
55%
Ryanair Agadir
53%
Transavia Beirut
53%
Ryanair Chania
53%
Ryanair Eindhoven
53%
Volotea Mykonos
53%
Ryanair Charleroi
51%
Volotea Fuerteventura
51%
Transavia Larnaca
51%
Nouvelair/Transavia/Tunisair Monastir
51%
Air France/Volotea Santorini
51%
Transavia Funchal
49%
Ryanair Zadar
49%
Ryanair Bergamo
47%
Transavia Hurghada
47%
Air Corsica Figari
45%
Ryanair Paphos
45%
Air Corsica Calvi
41%
Volotea Olbia
41%
Ryanair Wrocław
39%
Ryanair Oujda
37%
Transavia Yerevan
37%
Air Algérie/Volotea Béjaïa
33%
Transavia/Volotea Biarritz
33%
Ryanair Shannon
33%
Air Algérie/Transavia/Volotea Annaba
31%
Ryanair Essaouira
31%
Ryanair Nador
31%
Ryanair La Rochelle
29%
Volotea Rijeka
29%
Volotea Caen
27%
Transavia Medina
27%
Volotea Murcia
27%
Volotea Salerno
27%
Ryanair Tétouan
25%
Ryanair Limoges
24%
Air Algérie/Volotea Tlemcen
24%
Ryanair Treviso
24%
Air Algérie Batna
22%
Twin Jet Pau
22%
Corsair International Mauritius
20%
Corsair International Saint-Denis de la Réunion
20%
Air Algérie/Volotea Setif
20%
Transavia Praia
18%
Air Algérie Chlef
16%
Air Algérie Jijel
16%
Ryanair Tours
16%
Corsair International Dzaoudzi
14%
Ryanair Ouarzazate
14%
Ryanair Reggio Calabria
12%
No matching quizzes found
Score Distribution
Percent of People with Each Score
Percentile by Number Answered
Your Score History
You have not taken this quiz since the last reset